Nursing against the odds (Record no. 89370)
[ view plain ]
| 000 -LEADER | |
|---|---|
| fixed length control field | 01720nam a2200409Ia 4500 |
| 100 1# - MAIN ENTRY--AUTHOR NAME | |
| Personal name | Gordon, Suzanne, |
| 245 10 - TITLE STATEMENT | |
| Title | Nursing against the odds |
| 260 ## - PUBLICATION, DISTRIBUTION, ETC. (IMPRINT) | |
| Place of publication | Ithaca, NY : |
| Name of publisher | ILR ; |
| Place of publication | Bristol : |
| Name of publisher | University Presses Marketing [distributor], |
| Year of publication | 2005. |
| 300 ## - PHYSICAL DESCRIPTION | |
| Number of Pages | xi, 489 p. |
| 490 1# - SERIES STATEMENT | |
| Series statement | The culture and politics of health care work |
| Series statement | An ILR Press book |
| 650 #0 - SUBJECT ADDED ENTRY--TOPICAL TERM | |
| Topical Term | Nursing |
| Topical Term | Nursing |
| Topical Term | Nurses |
| Topical Term | Nurses |
| Topical Term | Nurses in mass media. |
| Topical Term | Nurse and physician. |
| Topical Term | Public opinion |
| 856 40 - ELECTRONIC LOCATION AND ACCESS | |
| Uniform Resource Identifier | http://site.ebrary.com/lib/rucke/Doc?id=10559181 |
No items available.
